主な成帯土壌 - Statistics

General Stats
  • This quiz has been taken 25 times
  • The average score is 4 of 8
Answer Stats
Hint Answer % Correct
針葉樹林(タイガ)に分布 ポドゾル
95%
溶脱が進み、やせている赤色の土、熱帯雨林とサバナに分布 ラトソル
91%
チェルノーゼムやプレーリー土、パンパ土など 黒土
73%
ツンドラに分布 ツンドラ土
45%
砂漠に分布 砂漠土
45%
温帯の広葉樹と針葉樹からなる混合林(混交林)に分布 褐色森林土
36%
やせている、熱帯雨林とサバナに分布 赤黄色土
14%
ステップに分布 栗色土
14%
No matching quizzes found
Score Distribution
Percent of People with Each Score
Percentile by Number Answered
Your Score History
You have not taken this quiz